[Event "Dortmund FSV op"]
[Site "Dortmund"]
[Date "2006.04.20"]
[Round "9"]
[White "Nettbohl, Werner"]
[Black "Link, Werner"]
[Result "1/2-1/2"]
[WhiteElo "1581"]
[BlackElo "1376"]
[PlyCount "74"]
[EventDate "2006.01.19"]
[EventType "swiss"]
[EventRounds "9"]
[EventCountry "GER"]
[SourceTitle "EXT 2007"]
[Source "ChessBase"]
[SourceDate "2006.11.23"]
[SourceVersion "1"]
[SourceVersionDate "2006.11.23"]
[SourceQuality "1"]

1. e4 d5 2. exd5 Qxd5 3. Nc3 Qa5 4. Nf3 c6 5. d4 Nf6 6. Bd2 Bf5 7. Bc4 e6 8. Nd5 Qd8 9. Nxf6+ Qxf6 10. 0-0 Bg4 11. c3 Bxf3 12. Qxf3 Qxf3 13. gxf3 Be7 14. Bf4 Nd7 15. Kh1 Rd8 16. Rg1 g6 17. Bh6 Nb6 18. Bb3 Nd5 19. Bg7 Rg8 20. Be5 Bf6 21. Bg3 h5 22. h4 Be7 23. Rge1 Bd6 24. Re4 Kd7 25. Rae1 Rge8 26. c4 Nb4 27. R4e3 Kc8 28. a3 Na6 29. d5 Nc5 30. dxc6 Bxg3 31. cxb7+ Kxb7 32. fxg3 Rd2 33. Rb1 Red8 34. Kg1 R8d3 35. Rxd3 Nxd3 36. Ba4 Ne5 37. f4 Nf3+ 1/2-1/2

[Event "Dortmund FSV op"]
[Site "Dortmund"]
[Date "2006.03.02"]
[Round "6"]
[White "Dieckmann, Rudolf"]
[Black "Link, Werner"]
[Result "1-0"]
[WhiteElo "1598"]
[BlackElo "1388"]
[PlyCount "81"]
[EventDate "2006.01.19"]
[EventType "swiss"]
[EventRounds "9"]
[EventCountry "GER"]
[SourceTitle "EXT 2007"]
[Source "ChessBase"]
[SourceDate "2006.11.23"]
[SourceVersion "1"]
[SourceVersionDate "2006.11.23"]
[SourceQuality "1"]

1. e4 d5 2. exd5 Qxd5 3. d4 Bf5 4. Nc3 Qa5 5. Bd3 c6 6. Nf3 Nf6 7. 0-0 e6 8. Bd2 Bxd3 9. cxd3 Bb4 10. Ne5 Nbd7 11. Nc4 Qc7 12. a3 Bd6 13. f4 0-0 14. Ne4 Be7 15. f5 Nd5 16. fxe6 fxe6 17. Qg4 Kh8 18. Qxe6 Bf6 19. Nxf6 N7xf6 20. Rae1 Qc8 21. Qe2 Qd7 22. Ne5 Qc7 23. Rf3 Rae8 24. Rh3 c5 25. Qf2 cxd4 26. Ng6+ Kg8 27. Nxf8 Rxf8 28. Qxd4 Qc2 29. Bg5 Kh8 30. Rf3 Qc8 31. h4 Re8 32. Rxe8+ Qxe8 33. Bxf6 Nxf6 34. Re3 Qc8 35. Qb4 Ng4 36. Qxg4 Qc1+ 37. Kh2 Qc7+ 38. Kh3 h6 39. Re8+ Kh7 40. Qe4+ g6 41. Re7+ 1-0

[Event "Dortmund FSV op"]
[Site "Dortmund"]
[Date "2006.02.23"]
[Round "5"]
[White "Bommert, Christian"]
[Black "Link, Werner"]
[Result "1-0"]
[WhiteElo "1600"]
[BlackElo "1388"]
[PlyCount "120"]
[EventDate "2006.01.19"]
[EventType "swiss"]
[EventRounds "9"]
[EventCountry "GER"]
[SourceTitle "EXT 2007"]
[Source "ChessBase"]
[SourceDate "2006.11.23"]
[SourceVersion "1"]
[SourceVersionDate "2006.11.23"]
[SourceQuality "1"]

1. e4 c6 2. d4 d5 3. exd5 cxd5 4. Bd3 Nf6 5. Ne2 e6 6. Bf4 Bd6 7. Qd2 b6 8. c3 Ba6 9. Bc2 Bxe2 10. Bxd6 Qxd6 11. Qxe2 Nbd7 12. 0-0 0-0 13. Nd2 e5 14. dxe5 Nxe5 15. f4 Nc6 16. Rad1 Rae8 17. Qf3 Qc5+ 18. Qf2 Qxf2+ 19. Rxf2 Ng4 20. Rf3 Ne3 21. Rc1 Nxc2 22. Rxc2 Re2 23. Rd3 d4 24. a3 dxc3 25. Rcxc3 Nd8 26. Rd7 Ne6 27. Kf1 Nxf4 28. g3 Rfe8 29. gxf4 h6 30. h3 Rh2 31. b4 Ree2 32. Nf3 Ref2+ 33. Ke1 Re2+ 34. Kd1 Rhf2 35. Rd2 Rxd2+ 36. Nxd2 Rxf4 37. Ke2 g5 38. Rf3 Rh4 39. Kf2 a5 40. b5 Ra4 41. Rg3 Kg7 42. Nb1 f5 43. Kg2 Kg6 44. Rd3 Rc4 45. Nc3 Kh5 46. Nd5 Rc2+ 47. Kg3 f4+ 48. Kf3 Rb2 49. a4 Ra2 50. Nxb6 Kh4 51. Ke4 Re2+ 52. Kd4 Rh2 53. Nd5 Ra2 54. Nc3 Rb2 55. Kc5 g4 56. hxg4 Kxg4 57. Kb6 f3 58. Kxa5 f2 59. Rd1 Rd2 60. Rf1 Re2 1-0

[Event "Dortmund FSV op"]
[Site "Dortmund"]
[Date "2006.02.16"]
[Round "4"]
[White "Link, Werner"]
[Black "Rzoczek, Christoph"]
[Result "1-0"]
[WhiteElo "1388"]
[BlackElo "1589"]
[PlyCount "83"]
[EventDate "2006.01.19"]
[EventType "swiss"]
[EventRounds "9"]
[EventCountry "GER"]
[SourceTitle "EXT 2007"]
[Source "ChessBase"]
[SourceDate "2006.11.23"]
[SourceVersion "1"]
[SourceVersionDate "2006.11.23"]
[SourceQuality "1"]

1. Nf3 d5 2. g3 Nf6 3. Bg2 Bf5 4. 0-0 e6 5. d3 h6 6. Nbd2 Bc5 7. a3 Nbd7 8. b4 Bb6 9. h3 c6 10. Re1 Qc7 11. e4 Bxh3 12. e5 Bxg2 13. Kxg2 Ng4 14. d4 0-0-0 15. Nb3 Rde8 16. a4 a6 17. b5 Ba7 18. Ba3 a5 19. Bd6 Qd8 20. bxc6 bxc6 21. Qd3 Qb6 22. Rab1 Ngxe5 23. Nxe5 Nxe5 24. Bxe5 c5 25. Nxc5 Qc6 26. Nb7 Kd7 27. Nc5+ Bxc5 28. dxc5 d4+ 29. Qe4 Qxe4+ 30. Rxe4 Kc6 31. Bxd4 Kd5 32. Kf3 f5 33. Rh4 e5 34. Be3 g5 35. Rhh1 Rc8 36. Rhd1+ Ke6 37. Rb6+ Kf7 38. Rd7+ Kg8 39. c6 Rh7 40. Rxh7 Kxh7 41. Rb7+ Kg6 42. c7 1-0

[Event "Dortmund7"]
[Site "Dortmund"]
[Date "2003.11.26"]
[Round "12"]
[White "Milonas, Georgios"]
[Black "Link, Werner"]
[Result "1-0"]
[WhiteElo "1351"]
[BlackElo "1418"]
[PlyCount "137"]
[EventDate "2003.10.01"]
[EventType "tourn"]
[EventRounds "13"]
[EventCountry "GER"]
[SourceTitle "EXT 2007"]
[Source "ChessBase"]
[SourceDate "2006.11.23"]
[SourceVersion "1"]
[SourceVersionDate "2006.11.23"]
[SourceQuality "1"]

1. e4 c5 2. Nf3 d6 3. d4 cxd4 4. Nxd4 Nf6 5. Nc3 a6 6. f3 e5 7. Nb3 b5 8. Be3 Be7 9. Qd2 Be6 10. Nd5 Nxd5 11. exd5 Bf5 12. 0-0-0 h6 13. g4 Bh7 14. Na5 Bg5 15. Bxg5 hxg5 16. Nb7 Qb6 17. Na5 f6 18. h4 0-0 19. Nb3 Nd7 20. Bd3 f5 21. gxf5 Bxf5 22. hxg5 g6 23. Qh2 Kf7 24. Bxf5 Qe3+ 25. Nd2 Rh8 26. Be6+ Kg7 27. Qg2 Rxh1 28. Rxh1 Nc5 29. Qg1 Qf4 30. Rh6 Nxe6 31. dxe6 Rc8 32. e7 Qf5 33. c3 b4 34. Qg4 Qxg4 35. fxg4 bxc3 36. bxc3 Rxc3+ 37. Kb2 Rc8 38. Ne4 Re8 39. Rh7+ Kxh7 40. Nf6+ Kg7 41. Nxe8+ Kf7 42. Nxd6+ Kxe7 43. Ne4 Ke6 44. Nc5+ Kd5 45. Nxa6 Kd4 46. Nb4 e4 47. Nc2+ Kd3 48. a4 Kc4 49. Ka3 Kc5 50. Kb3 Kb6 51. Kb4 Ka7 52. a5 Ka8 53. Kb5 Ka7 54. a6 Kb8 55. Kb6 Ka8 56. Nd4 e3 57. Nc2 e2 58. Ne1 Kb8 59. a7+ Ka8 60. Kc6 Kxa7 61. Kd6 Kb7 62. Ke6 Kc7 63. Kf6 Kd8 64. Kxg6 Ke8 65. Kf6 Kf8 66. g6 Kg8 67. g7 Kh7 68. Kf7 Kh6 69. g5+ 1-0

[Event "Dortmund7"]
[Site "Dortmund"]
[Date "2003.11.19"]
[Round "10"]
[White "Lischer, Thorsten"]
[Black "Link, Werner"]
[Result "1-0"]
[WhiteElo "1545"]
[BlackElo "1418"]
[PlyCount "135"]
[EventDate "2003.10.01"]
[EventType "tourn"]
[EventRounds "13"]
[EventCountry "GER"]
[SourceTitle "EXT 2007"]
[Source "ChessBase"]
[SourceDate "2006.11.23"]
[SourceVersion "1"]
[SourceVersionDate "2006.11.23"]
[SourceQuality "1"]

1. d4 Nf6 2. Nf3 g6 3. c4 Bg7 4. Nc3 0-0 5. e4 d6 6. Bd3 Nc6 7. a3 e5 8. d5 Ne7 9. 0-0 Nd7 10. b4 f5 11. Rb1 f4 12. Bb2 Nf6 13. c5 a6 14. Bc4 Kh8 15. Qc2 h6 16. h3 g5 17. Nh2 g4 18. hxg4 Nxg4 19. Nxg4 Bxg4 20. f3 Bc8 21. Kf2 Ng6 22. Rh1 Qg5 23. Ne2 Nh4 24. Rbg1 Nf5 25. exf5 Bxf5 26. Bd3 Rae8 27. Be4 Bxe4 28. Qxe4 Qf5 29. Nc3 Qd7 30. Bc1 Qe7 31. Qc4 b5 32. cxd6 cxd6 33. Qb3 Rc8 34. g3 Rc4 35. Ne4 Rfc8 36. Bd2 Qa7+ 37. Ke2 Rc2 38. gxf4 exf4 39. Qd3 Ra2 40. Rc1 Re8 41. Kd1 Qd4 42. Qxd4 Bxd4 43. Rxh6+ Kg7 44. Rh1 Rxa3 45. Nxd6 Re5 46. Rf1 Rxd5 47. Ne4 Be3 48. Rc2 Rd4 49. Ke2 Kf7 50. Bc3 Rc4 51. Nd6+ Ke6 52. Nxc4 bxc4 53. Rd1 Rb3 54. Be1 Ra3 55. Rxc4 Ra2+ 56. Kf1 Rh2 57. Rc6+ Ke7 58. Rxa6 Rh1+ 59. Ke2 Rh2+ 60. Kd3 Rh3 61. Ke4 Rh5 62. Rd5 Rh1 63. Bd2 Rd1 64. Re5+ Kd7 65. Bxe3 fxe3 66. Rd5+ Rxd5 67. Kxd5 e2 68. Re6 1-0

[Event "Dortmund7"]
[Site "Dortmund"]
[Date "2003.11.05"]
[Round "7"]
[White "Link, Werner"]
[Black "Werninghaus, Klaus Peter"]
[Result "0-1"]
[WhiteElo "1418"]
[BlackElo "1477"]
[PlyCount "64"]
[EventDate "2003.10.01"]
[EventType "tourn"]
[EventRounds "13"]
[EventCountry "GER"]
[SourceTitle "EXT 2007"]
[Source "ChessBase"]
[SourceDate "2006.11.23"]
[SourceVersion "1"]
[SourceVersionDate "2006.11.23"]
[SourceQuality "1"]

1. d4 Nf6 2. c4 e6 3. Nc3 b6 4. Bg5 Bb7 5. e3 Bb4 6. Nf3 c5 7. Be2 d6 8. 0-0 cxd4 9. exd4 Bxc3 10. bxc3 Nbd7 11. Re1 h6 12. Bh4 Qc7 13. Bd3 Bxf3 14. Qxf3 0-0 15. Bxf6 Nxf6 16. Re3 Rfe8 17. Qh3 Kh8 18. Rae1 Qe7 19. f4 Rad8 20. g4 Ng8 21. g5 Qf8 22. gxh6 Nxh6 23. Qh4 Qe7 24. Qh5 Qf6 25. Rg3 Kg8 26. Re2 Nf5 27. Rg4 Qh6 28. Rxg7+ Kxg7 29. Rg2+ Kf8 30. Qg4 Ne3 31. Qg8+ Ke7 32. Bg6 Rxg8 0-1

[Event "Dortmund7"]
[Site "Dortmund"]
[Date "2003.10.17"]
[Round "4"]
[White "Demirhan, Esen"]
[Black "Link, Werner"]
[Result "1-0"]
[WhiteElo "1383"]
[BlackElo "1476"]
[PlyCount "89"]
[EventDate "2003.10.01"]
[EventType "tourn"]
[EventRounds "13"]
[EventCountry "GER"]
[SourceTitle "EXT 2007"]
[Source "ChessBase"]
[SourceDate "2006.11.23"]
[SourceVersion "1"]
[SourceVersionDate "2006.11.23"]
[SourceQuality "1"]

1. e4 c5 2. Bc4 d6 3. h3 Nf6 4. Nc3 a6 5. a4 e6 6. Nf3 b6 7. 0-0 Be7 8. d3 Bb7 9. Qe2 Nc6 10. Bd2 0-0 11. Nd1 Na5 12. Bxa5 bxa5 13. Re1 Nd7 14. Ba2 Bf6 15. Rb1 Ne5 16. Ne3 Qd7 17. Nxe5 Bxe5 18. b3 Bc3 19. Rf1 Kh8 20. Rbd1 d5 21. f3 Qc7 22. Bb1 Qg3 23. Qf2 Qxf2+ 24. Kxf2 dxe4 25. dxe4 Rad8 26. Ke2 f5 27. Rd3 Rxd3 28. cxd3 fxe4 29. dxe4 Rd8 30. Bd3 Rb8 31. Bc4 Bc8 32. Rd1 Bd4 33. f4 g6 34. Nc2 Bf6 35. Rd6 Kg7 36. e5 Be7 37. Rc6 Kf7 38. g3 Bb7 39. Rxe6 Kf8 40. Ne3 Rd8 41. Rb6 Rb8 42. Nd5 Ke8 43. Ke3 Bd8 44. Nf6+ Kf8 45. Nd7+ 1-0

[Event "Dortmund2"]
[Site "Dortmund"]
[Date "2003.05.10"]
[Round "9"]
[White "Link, Werner"]
[Black "Heckers, Uwe"]
[Result "0-1"]
[WhiteElo "1351"]
[BlackElo "1353"]
[PlyCount "100"]
[EventDate "2003.03.26"]
[EventType "tourn"]
[EventRounds "13"]
[EventCountry "GER"]
[SourceTitle "EXT 2007"]
[Source "ChessBase"]
[SourceDate "2006.11.23"]
[SourceVersion "1"]
[SourceVersionDate "2006.11.23"]
[SourceQuality "1"]

1. d4 f5 2. c4 Nf6 3. Nf3 g6 4. Nc3 Bg7 5. Bg5 0-0 6. e3 d6 7. Bd3 c6 8. 0-0 Na6 9. a3 Bd7 10. c5 Nc7 11. cxd6 exd6 12. e4 fxe4 13. Nxe4 Nce8 14. Qd2 Nxe4 15. Bxe4 Nf6 16. Rae1 Nxe4 17. Rxe4 Qb6 18. Re7 Bf5 19. Bh6 Rf7 20. Rfe1 Raf8 21. Bxg7 Kxg7 22. Rxf7+ Rxf7 23. Ng5 Rd7 24. Re8 h6 25. Nf3 Qb3 26. h3 Bxh3 27. Qe2 Bg4 28. Re7+ Rxe7 29. Qxe7+ Qf7 30. Qxd6 Bxf3 31. gxf3 Qxf3 32. Qe7+ Qf7 33. Qe5+ Qf6 34. f4 Qxe5 35. fxe5 Kf7 36. b4 Ke6 37. Kg2 h5 38. Kg3 g5 39. Kf3 Kd5 40. Ke3 a5 41. Kf3 axb4 42. axb4 h4 43. Kg4 Ke6 44. Kh3 Kf5 45. Kg2 g4 46. Kh2 b6 47. Kg2 c5 48. dxc5 bxc5 49. b5 Kxe5 50. b6 Kd6 0-1

[Event "Dortmund2"]
[Site "Dortmund"]
[Date "2003.04.16"]
[Round "5"]
[White "Lischer, Thorsten"]
[Black "Link, Werner"]
[Result "1/2-1/2"]
[WhiteElo "1519"]
[BlackElo "1351"]
[PlyCount "131"]
[EventDate "2003.03.26"]
[EventType "tourn"]
[EventRounds "13"]
[EventCountry "GER"]
[SourceTitle "EXT 2007"]
[Source "ChessBase"]
[SourceDate "2006.11.23"]
[SourceVersion "1"]
[SourceVersionDate "2006.11.23"]
[SourceQuality "1"]

1. d4 d5 2. c4 e6 3. Nc3 Nf6 4. Nf3 c6 5. a3 Nbd7 6. c5 a5 7. Ne5 Nxe5 8. dxe5 Nd7 9. Na4 b5 10. cxb6 Nxb6 11. Nc3 Ba6 12. b3 Nd7 13. Bb2 Be7 14. g3 0-0 15. Bg2 Nxe5 16. Nxd5 cxd5 17. Bxe5 Bf6 18. Bxf6 Qxf6 19. 0-0 Rac8 20. Qd2 Qc3 21. Qe1 Qxe1 22. Rfxe1 Rc2 23. Bf3 Rfc8 24. e3 g6 25. Reb1 Rd2 26. Rc1 Rcc2 27. Rxc2 Rxc2 28. Kg2 Rb2 29. Bd1 Be2 30. Bxe2 Rxe2 31. Rc1 Ra2 32. a4 Rb2 33. Rc3 Kg7 34. Kf3 Kf6 35. h4 h5 36. Rc5 Rxb3 37. Rxa5 Ra3 38. Ra7 d4 39. Ke2 d3+ 40. Kd2 e5 41. f3 Ke6 42. e4 f5 43. Ra6+ Kf7 44. a5 Kg7 45. Ra8 fxe4 46. fxe4 Kf7 47. a6 Kg7 48. a7 Kf7 49. Ke3 Kg7 50. Re8 Rxa7 51. Rxe5 Ra3 52. Kd2 Ra2+ 53. Kd1 Rg2 54. Rg5 Kf6 55. e5+ Ke6 56. Ke1 Re2+ 57. Kd1 Rxe5 58. Rxg6+ Kf5 59. Rg8 Re2 60. Rg5+ Ke4 61. Rxh5 Rg2 62. Rg5 Ke3 63. Re5+ Kf3 64. h5 Rxg3 65. Kd2 Kf4 66. Rd5 1/2-1/2

[Event "Dortmund2"]
[Site "Dortmund"]
[Date "2003.04.04"]
[Round "3"]
[White "Driesner, Reinhard"]
[Black "Link, Werner"]
[Result "0-1"]
[WhiteElo "1305"]
[BlackElo "1351"]
[PlyCount "42"]
[EventDate "2003.03.26"]
[EventType "tourn"]
[EventRounds "13"]
[EventCountry "GER"]
[SourceTitle "EXT 2007"]
[Source "ChessBase"]
[SourceDate "2006.11.23"]
[SourceVersion "1"]
[SourceVersionDate "2006.11.23"]
[SourceQuality "1"]

1. e4 c5 2. Nf3 Nc6 3. d4 cxd4 4. Nxd4 d6 5. Nc3 Nf6 6. Bg5 e5 7. Nb3 Be7 8. Bxf6 Bxf6 9. Bc4 0-0 10. 0-0 a6 11. Be2 Be6 12. Nd5 Bxd5 13. exd5 Nd4 14. c3 Nxe2+ 15. Qxe2 b5 16. Nd2 Rc8 17. Ne4 Bg5 18. b3 f5 19. Nxg5 Qxg5 20. c4 f4 21. cxb5 f3 0-1

[Event "Dortmund2"]
[Site "Dortmund"]
[Date "2002.05.25"]
[Round "10"]
[White "Koch, Daniel"]
[Black "Link, Werner"]
[Result "1-0"]
[WhiteElo "1465"]
[BlackElo "1377"]
[PlyCount "85"]
[EventDate "2002.04.10"]
[EventType "tourn"]
[EventRounds "13"]
[EventCountry "GER"]
[SourceTitle "EXT 2007"]
[Source "ChessBase"]
[SourceDate "2006.11.23"]
[SourceVersion "1"]
[SourceVersionDate "2006.11.23"]
[SourceQuality "1"]

1. f4 d5 2. Nf3 Nf6 3. e3 g6 4. Be2 Bg7 5. 0-0 0-0 6. d3 c5 7. Qe1 Nc6 8. Nbd2 Qc7 9. c4 e6 10. Qg3 Re8 11. Ne5 Nd7 12. Nxc6 Qxc6 13. Nf3 Qc7 14. e4 dxe4 15. dxe4 f5 16. e5 a6 17. Be3 b5 18. Rac1 b4 19. Ng5 Re7 20. Nxh7 Kxh7 21. Qh4+ Bh6 22. Qxe7+ Bg7 23. Rf3 Bb7 24. Rh3+ Kg8 25. Qxe6+ Kf8 26. Qxg6 Qc6 27. e6 Qxg2+ 28. Qxg2 Bxg2 29. Kxg2 Nf6 30. Bxc5+ Ke8 31. Bxb4 Ng4 32. Bxg4 fxg4 33. Rh7 Ra7 34. Rd1 a5 35. Bxa5 g3 36. Rd8+ Ke7 37. Rxg7+ Kf6 38. Rxa7 Kf5 39. Bc3 Kg6 40. Rf7 gxh2 41. Rg8+ Kh6 42. Kxh2 Kh5 43. Rh7# 1-0

[Event "Dortmund2"]
[Site "Dortmund"]
[Date "2002.04.27"]
[Round "5"]
[White "Link, Werner"]
[Black "Wiemann, Peter"]
[Result "0-1"]
[WhiteElo "1377"]
[BlackElo "1479"]
[PlyCount "56"]
[EventDate "2002.04.10"]
[EventType "tourn"]
[EventRounds "13"]
[EventCountry "GER"]
[SourceTitle "EXT 2007"]
[Source "ChessBase"]
[SourceDate "2006.11.23"]
[SourceVersion "1"]
[SourceVersionDate "2006.11.23"]
[SourceQuality "1"]

1. d4 f5 2. Nf3 Nf6 3. c4 e6 4. Bg5 Bb4+ 5. Nbd2 0-0 6. Qb3 a5 7. a3 Be7 8. Bxf6 Bxf6 9. e3 b6 10. Bd3 Qe8 11. 0-0 Kh8 12. e4 d6 13. Rfe1 Nc6 14. exf5 Nxd4 15. Nxd4 Bxd4 16. Kh1 Bxf2 17. Re2 Bc5 18. Rae1 e5 19. Be4 Rb8 20. Qd3 Qh5 21. Rf1 Rf6 22. Rf3 Bd7 23. Nb3 a4 24. Nxc5 bxc5 25. Ref2 Qh4 26. Qe3 Rb3 27. Qd2 Qxe4 28. Rxb3 Qb1+ 0-1

[Event "Dortmund2"]
[Site "Dortmund"]
[Date "2002.04.24"]
[Round "4"]
[White "Busse, Siegfried"]
[Black "Link, Werner"]
[Result "1-0"]
[WhiteElo "1365"]
[BlackElo "1377"]
[PlyCount "49"]
[EventDate "2002.04.10"]
[EventType "tourn"]
[EventRounds "13"]
[EventCountry "GER"]
[SourceTitle "EXT 2007"]
[Source "ChessBase"]
[SourceDate "2006.11.23"]
[SourceVersion "1"]
[SourceVersionDate "2006.11.23"]
[SourceQuality "1"]

1. e4 c6 2. Nf3 d5 3. e5 Bf5 4. d4 e6 5. Be2 c5 6. c3 Nc6 7. Be3 Qb6 8. b3 cxd4 9. Bxd4 Nxd4 10. Nxd4 Qc7 11. f4 Nh6 12. Bb5+ Kd8 13. h3 Be7 14. 0-0 Be4 15. Bd3 f6 16. Bxe4 dxe4 17. Nb5+ Kc8 18. Nxc7 Kxc7 19. Qe2 Nf5 20. Qc4+ Kb8 21. Qxe6 Bc5+ 22. Kh2 Ne3 23. Rf2 a6 24. b4 Bb6 25. Qxb6 1-0

[Event "Dortmund2"]
[Site "Dortmund"]
[Date "2002.04.13"]
[Round "2"]
[White "Link, Werner"]
[Black "Demirhan, Esen"]
[Result "1/2-1/2"]
[WhiteElo "1377"]
[BlackElo "1418"]
[PlyCount "111"]
[EventDate "2002.04.10"]
[EventType "tourn"]
[EventRounds "13"]
[EventCountry "GER"]
[SourceTitle "EXT 2007"]
[Source "ChessBase"]
[SourceDate "2006.11.23"]
[SourceVersion "1"]
[SourceVersionDate "2006.11.23"]
[SourceQuality "1"]

1. d4 c5 2. Nf3 cxd4 3. Qxd4 Nc6 4. Qa4 e5 5. Nbd2 Nf6 6. c4 h6 7. Qc2 Bc5 8. e3 a5 9. a3 b6 10. Be2 Bb7 11. 0-0 Ne7 12. Nxe5 0-0 13. Ng4 Nxg4 14. Bxg4 d5 15. Nf3 f5 16. Bh3 dxc4 17. Qxc4+ Kh8 18. Ne5 Bd5 19. Qh4 Qd6 20. f4 Rae8 21. b4 axb4 22. axb4 Bxb4 23. Bb2 Bc5 24. Qh5 Bxe3+ 25. Kh1 Kg8 26. Ra7 Bf7 27. Qh4 Ng6 28. Qg3 Nxe5 29. fxe5 Qd3 30. Qe1 Bd4 31. Rd7 Rd8 32. Bxf5 Qc4 33. Rf4 Rxd7 34. Bxd7 Bd5 35. Rxf8+ Kxf8 36. Bxd4 Qxd4 37. h3 Bxg2+ 38. Kxg2 Qxd7 39. Qf2+ Ke7 40. Qxb6 Qd5+ 41. Kg1 Qxe5 42. Qb4+ Kf6 43. Qb6+ Kf5 44. Qf2+ Kg6 45. Qc2+ Qf5 46. Qg2+ Qg5 47. h4 Qxg2+ 48. Kxg2 Kf5 49. Kg3 h5 50. Kf3 Ke5 51. Ke3 Kf5 52. Kf3 g5 53. Kg3 g4 54. Kf2 Kf4 55. Kg2 g3 56. Kh3 1/2-1/2